书目信息 |
| 题名: |
利用Python进行数据分析
|
|
| 作者: | 麦金尼 著 ;唐学韬 译 | |
| 分册: | ||
| 出版信息: | 北京 机械工业出版社 2014 |
|
| 页数: | 451页 | |
| 开本: | 24cm | |
| 丛书名: | ||
| 单 册: | ||
| 中图分类: | C819 | |
| 科图分类: | ||
| 主题词: | 统计分析--应用软件 , 统计分析 , 应用软件 | |
| 电子资源: | ||
| ISBN: | 978-7-111-43673-7 | |
| 000 | 00991nam0 2200313 450 | |
| 001 | 523 | |
| 005 | 20140905091252.95 | |
| 010 | @a978-7-111-43673-7@dCNY89.00 | |
| 100 | @a20131218d2014 em y0chiy50 ea | |
| 101 | 1 | @achi@ceng |
| 102 | @aCN@b110000 | |
| 105 | @ay z 000yy | |
| 106 | @ar | |
| 200 | 1 | @a利用Python进行数据分析@fWes McKinney著@g唐学韬等译 |
| 210 | @a北京@c机械工业出版社@d2014 | |
| 215 | @a451页@d24cm | |
| 300 | @a华章科技 | |
| 305 | @a由O'reilly Media, Inc.授权 | |
| 312 | @a封面英文题名:Phthon for data analysis | |
| 330 | @a本书介绍了NumPy的基础和理论知识,以及pandas库的基本知识。介绍了对数据加载、清理、转换、合并以及重塑的方法,以及如何处理时间序列数据等问题。 | |
| 510 | 1 | @aPhthon for data analysis@zeng |
| 606 | 0 | @a统计分析@x应用软件 |
| 606 | 0 | @a统计分析 |
| 606 | 0 | @a应用软件 |
| 690 | @aC819@v5 | |
| 701 | 0 | @a麦金尼@c(Mckinney, Wes)@4著 |
| 702 | 0 | @a唐学韬@4译 |
| 801 | 0 | @aCN@bTANGWEI@c20140603 |
| 905 | @b0842387-89@dC819@e110@f3 | |
| 利用Python进行数据分析/Wes McKinney著/唐学韬等译.-北京:机械工业出版社,2014 |
| 451页;24cm |
| 华章科技 |
| ISBN 978-7-111-43673-7:CNY89.00 |
| 本书介绍了NumPy的基础和理论知识,以及pandas库的基本知识。介绍了对数据加载、清理、转换、合并以及重塑的方法,以及如何处理时间序列数据等问题。 |
| ● |
| 相关链接 |
|
|
|
|
正题名:利用Python进行数据分析
索取号:C819/110
 
预约/预借
| 序号 | 登录号 | 条形码 | 馆藏地/架位号 | 状态 | 备注 |
| 1 | 0842387 | 208423874 | 第一样本阅览室/ [索取号:C819/110] | 在馆 | |
| 2 | 0842388 | 208423883 | 第一借阅区/ [索取号:C819/110] | 在馆 | |
| 3 | 0842389 | 208423892 | 第一借阅区/ [索取号:C819/110] | 在馆 |